| 000 | 00448nam a22001457a 4500 | ||
|---|---|---|---|
| 003 | OSt | ||
| 005 | 20211124112902.0 | ||
| 008 | 211124b ||||| |||| 00| 0 eng d | ||
| 040 | _cAIMIT LIBRARY | ||
| 100 |
_aNaresha; Vijayakumar, Suchetha. _d192017 _910806 |
||
| 245 | _aSkin Cancer Detection using Medical Images. | ||
| 260 |
_aTATA Consultancy Services(TCS),Bangalore. _bSuchetha Vijayakumar. _c2021 |
||
| 856 | _uwww.tcs.com | ||
| 942 |
_2ddc _cPRO |
||
| 999 |
_c220754 _d220754 |
||